00480 2200181 4500001002100000005001500021008004100036020002200077035001900099041000700118082001100125090001700136100001900153245004900172260002800221300002000249650002900269INLIS00000000000498620241224113021241224||||||||| | ||| |||| || |  a978-602-7993-41-3 0010-1224004986 aid0 a153.93 a153.93 JHO s0 ajho djamaludin00aSKS 100% Pasti Masuk dan Kuliah Di STAN 2014 aJakartabdan ideac2014 a128 hlm.; 23 cm 0aKumpulan soal masuk STAN